[Event "Zlin Region-chT 2324"]
[Site "Czech Republic"]
[Date "2023.10.22"]
[Round "1.4"]
[White "Bartas, Pavel"]
[Black "Rafaja, Marek"]
[Result "0-1"]
[WhiteElo "1882"]
[BlackElo "1960"]
[PlyCount "66"]
[EventDate "2023.10.22"]
[EventType "team-tourn"]
[EventRounds "11"]
[EventCountry "CZE"]
[SourceTitle "EXT 2025"]
[Source "ChessBase"]
[SourceDate "2024.10.14"]
[SourceVersion "1"]
[SourceVersionDate "2024.10.14"]
[SourceQuality "1"]
[WhiteTeam "Napajedla Slavia"]
[BlackTeam "Holesov"]
[WhiteTeamCountry "CZE"]
[BlackTeamCountry "CZE"]

1. e4 c6 2. d4 d5 3. e5 Bf5 4. Bd3 Bxd3 5. Qxd3 e6 6. Nf3 Qb6 7. b3 c5 8. Be3 c4 9. Qe2 Nc6 10. 0-0 cxb3 11. axb3 Nge7 12. Nbd2 Nf5 13. c3 Be7 14. Qd3 0-0 15. g4 Nxe3 16. fxe3 f6 17. exf6 Rxf6 18. g5 Rf5 19. e4 Rf4 20. exd5 exd5 21. Qe3 Raf8 22. Qe6+ Kh8 23. Ne5 Nxd4 24. Qxb6 Ne2+ 25. Kg2 axb6 26. Ndf3 Nxc3 27. Nd7 Rd8 28. Nfe5 Rxf1 29. Rxf1 Kg8 30. Nxb6 d4 31. Nf3 Bc5 32. Nc4 Nd5 33. Rd1 b5 0-1

[Event "Stare Mesto op"]
[Site "Stare Mesto"]
[Date "2011.08.13"]
[Round "2"]
[White "Talla, Vladimir"]
[Black "Rafaja, Marek"]
[Result "1-0"]
[WhiteElo "2427"]
[BlackElo "2069"]
[PlyCount "60"]
[EventDate "2011.08.12"]
[EventType "swiss"]
[EventRounds "10"]
[EventCountry "CZE"]
[SourceTitle "CBM 143 Extra"]
[Source "ChessBase"]
[SourceDate "2011.08.29"]
[SourceVersion "1"]
[SourceVersionDate "2011.08.29"]
[SourceQuality "1"]

1. e4 c6 2. d4 d5 3. Nd2 dxe4 4. Nxe4 Bf5 5. Ng3 Bg6 6. h4 h6 7. Nf3 Nd7 8. h5 Bh7 9. Bd3 Bxd3 10. Qxd3 Ngf6 11. Bf4 Qa5+ 12. Bd2 Qc7 13. 0-0-0 0-0-0 14. Ne4 Nxe4 15. Qxe4 Nf6 16. Qe2 e6 17. g3 Bd6 18. c4 c5 19. Bc3 Rhe8 20. Kb1 Qc6 21. Rh4 Qa4 22. Rc1 Re7 23. Ne5 Qa6 24. dxc5 Bxc5 25. Nd3 Qb6 26. b4 Rc7 27. Be5 Rcd7 28. Nxc5 Rd2 29. Qe3 Qxb4+ 30. Nb3 Qa3 1-0

[Event "CZE-chT2E 1011"]
[Site "Czech Republic"]
[Date "2011.03.27"]
[Round "10.6"]
[White "Rafaja, Marek"]
[Black "Loubal, Pavel"]
[Result "1/2-1/2"]
[WhiteElo "2049"]
[BlackElo "2026"]
[PlyCount "152"]
[EventDate "2010.10.17"]
[EventType "team-tourn"]
[EventRounds "11"]
[EventCountry "CZE"]
[SourceTitle "EXT 2012"]
[Source "ChessBase"]
[SourceDate "2011.11.24"]
[SourceVersion "1"]
[SourceVersionDate "2011.11.24"]
[SourceQuality "1"]
[WhiteTeam "Holesov"]
[BlackTeam "Adamov"]
[WhiteTeamCountry "CZE"]
[BlackTeamCountry "CZE"]

1. e4 c5 2. Nf3 e6 3. c3 d5 4. Bb5+ Bd7 5. Bxd7+ Qxd7 6. exd5 Qxd5 7. d4 cxd4 8. Qxd4 Qxd4 9. Nxd4 a6 10. Bf4 Ne7 11. Nd2 Nbc6 12. N2f3 Nxd4 13. Nxd4 Nd5 14. Bg3 Bc5 15. Nf3 Ke7 16. Rd1 Rhd8 17. 0-0 f6 18. Rd2 Rd7 19. Rfd1 Rad8 20. Kf1 Nb6 21. Ke2 Na4 22. Nd4 Bxd4 23. cxd4 Nb6 24. f3 Rc8 25. Bf2 Rdc7 26. h3 Rc6 27. Bg3 Nd5 28. Bh2 b5 29. Bg3 Nb6 30. Bf2 Nd5 31. g3 Nb6 32. f4 f5 33. g4 g6 34. Bh4+ Kf7 35. Bf2 Nd5 36. Kf3 Rc4 37. Re1 Rc2 38. Rde2 Rxe2 39. Rxe2 Rc4 40. h4 Nf6 41. gxf5 gxf5 42. Be3 h5 43. Rg2 Ng4 44. Rd2 Nf6 45. Rg2 Rc8 46. a3 Ng4 47. Rd2 Nf6 48. d5 exd5 49. Bd4 Ne4 50. Rd1 Rc4 51. Be5 Nf6 52. Bxf6 Kxf6 53. Rxd5 Rc6 54. Ke3 Ke6 55. Re5+ Kf6 56. Re8 Kf7 57. Rh8 Re6+ 58. Kf3 Kg6 59. Rg8+ Kf6 60. Rg5 Rd6 61. Rxh5 Rd3+ 62. Ke2 Rb3 63. Rh6+ Kg7 64. Rxa6 Rxb2+ 65. Kf3 Rb3+ 66. Kf2 Rb2+ 67. Ke3 Rh2 68. Kd4 Re2 69. Kc5 Re4 70. Kxb5 Rxf4 71. h5 Rf1 72. h6+ Kh7 73. a4 f4 74. Rf6 f3 75. Kc4 f2 76. Kd3 Ra1 1/2-1/2

[Event "CZE-chT2E 1011"]
[Site "Czech Republic"]
[Date "2011.02.06"]
[Round "7.6"]
[White "Krca, Milan"]
[Black "Rafaja, Marek"]
[Result "1-0"]
[WhiteElo "2025"]
[BlackElo "2049"]
[PlyCount "99"]
[EventDate "2010.10.17"]
[EventType "team-tourn"]
[EventRounds "11"]
[EventCountry "CZE"]
[SourceTitle "EXT 2012"]
[Source "ChessBase"]
[SourceDate "2011.11.24"]
[SourceVersion "1"]
[SourceVersionDate "2011.11.24"]
[SourceQuality "1"]
[WhiteTeam "Stare Mesto III"]
[BlackTeam "Holesov"]
[WhiteTeamCountry "CZE"]
[BlackTeamCountry "CZE"]

1. e4 c6 2. d4 d5 3. Nd2 dxe4 4. Nxe4 Bf5 5. Ng3 Bg6 6. f4 e6 7. Nf3 Nd7 8. Bc4 Ne7 9. 0-0 Nf5 10. c3 Be7 11. Qe2 0-0 12. Nxf5 Bxf5 13. Ne5 Nxe5 14. fxe5 Bg6 15. Be3 Qc7 16. Qg4 c5 17. Rac1 Qc6 18. Rf4 b5 19. Be2 Rac8 20. h4 cxd4 21. Bxd4 Bc5 22. h5 Bxd4+ 23. Rxd4 Bf5 24. Qf4 Rfd8 25. Rcd1 Qc5 26. g4 Bc2 27. R1d2 Bb1 28. a3 Rd5 29. Kg2 Rcd8 30. g5 Rxd4 31. Rxd4 Rxd4 32. Qxd4 Qxd4 33. cxd4 Be4+ 34. Kf2 Bc6 35. Ke3 f6 36. gxf6 gxf6 37. h6 Kf7 38. Bh5+ Ke7 39. Kf4 Bd5 40. Bg6 a6 41. exf6+ Kxf6 42. Bxh7 a5 43. b4 axb4 44. axb4 Bc4 45. Bg8 Bd5 46. h7 Kg7 47. Ke5 Bc4 48. Bxe6 Kxh7 49. Bxc4 bxc4 50. Ke4 1-0

[Event "CZE-chT2E 1011"]
[Site "Czech Republic"]
[Date "2010.11.07"]
[Round "2.6"]
[White "Vlacil, Vladimir"]
[Black "Rafaja, Marek"]
[Result "0-1"]
[WhiteElo "2027"]
[BlackElo "2049"]
[PlyCount "112"]
[EventDate "2010.10.17"]
[EventType "team-tourn"]
[EventRounds "11"]
[EventCountry "CZE"]
[SourceTitle "EXT 2012"]
[Source "ChessBase"]
[SourceDate "2011.11.24"]
[SourceVersion "1"]
[SourceVersionDate "2011.11.24"]
[SourceQuality "1"]
[WhiteTeam "Prostejov"]
[BlackTeam "Holesov"]
[WhiteTeamCountry "CZE"]
[BlackTeamCountry "CZE"]

1. e4 c6 2. d4 d5 3. exd5 cxd5 4. Bd3 Nc6 5. c3 Nf6 6. Bf4 Bg4 7. Qb3 Qd7 8. Nd2 e6 9. Ngf3 Bd6 10. Bxd6 Qxd6 11. 0-0 0-0 12. Rfe1 Nd7 13. Qc2 h6 14. h3 Bxf3 15. Nxf3 Rac8 16. Qe2 Rfe8 17. Rad1 Qc7 18. Bb1 e5 19. dxe5 Ncxe5 20. Nxe5 Nxe5 21. f4 Ng6 22. Qxe8+ Rxe8 23. Rxe8+ Kh7 24. f5 Nf4 25. Kh1 Qc6 26. Ree1 Qf6 27. Kh2 Qh4 28. Rf1 Qg5 29. g3 Nh5 30. Rf3 Nf6 31. Kg2 h5 32. Bc2 b6 33. Bb3 h4 34. Bxd5 Nxd5 35. Rxd5 Qc1 36. Rf2 Qe3 37. Rdd2 Qxg3+ 38. Kh1 Qxh3+ 39. Kg1 Qg3+ 40. Kf1 h3 41. Rde2 g5 42. fxg6+ fxg6 43. Re7+ Kh6 44. Re8 Kg5 45. Rh8 Kg4 46. Rh6 g5 47. Rh8 Qe3 48. Re2 Qf3+ 49. Ke1 Kg3 50. Kd2 Qd5+ 51. Kc2 g4 52. a3 Qf5+ 53. Kd2 Qf4+ 54. Kc2 Qf6 55. Rhe8 h2 56. R8e3+ Qf3 0-1

[Event "CZE-chT2E 1011"]
[Site "Czech Republic"]
[Date "2010.10.17"]
[Round "1.7"]
[White "Dobes, Vojtech"]
[Black "Rafaja, Marek"]
[Result "1/2-1/2"]
[WhiteElo "1892"]
[BlackElo "2049"]
[PlyCount "87"]
[EventDate "2010.10.17"]
[EventType "team-tourn"]
[EventRounds "11"]
[EventCountry "CZE"]
[SourceTitle "EXT 2012"]
[Source "ChessBase"]
[SourceDate "2011.11.24"]
[SourceVersion "1"]
[SourceVersionDate "2011.11.24"]
[SourceQuality "1"]
[WhiteTeam "Stare Mesto II"]
[BlackTeam "Holesov"]
[WhiteTeamCountry "CZE"]
[BlackTeamCountry "CZE"]

1. e4 c6 2. d4 d5 3. Nc3 dxe4 4. Nxe4 e5 5. Nf3 Nf6 6. Nxf6+ gxf6 7. c3 Bg7 8. Bd3 Bg4 9. Be3 Nd7 10. Qc2 Nf8 11. Bf5 Bxf5 12. Qxf5 Qd7 13. Qxd7+ Nxd7 14. 0-0-0 0-0-0 15. Nh4 Rhe8 16. Nf5 Bf8 17. Rhe1 Kc7 18. Kc2 b6 19. f3 Re6 20. a4 Rde8 21. d5 cxd5 22. Rxd5 Rc8 23. Red1 Nb8 24. a5 Kb7 25. axb6 axb6 26. Nd6+ Bxd6 27. Rxd6 Rc6 28. Rd8 f5 29. Rf8 Rc7 30. Rh8 f6 31. g3 Nc6 32. Kb3 Na5+ 33. Kc2 Nc4 34. Bc1 e4 35. Bf4 exf3 36. Rf1 Ne3+ 37. Bxe3 Rxe3 38. Rd8 Rce7 39. Rd2 Kc6 40. Rff2 R7e4 41. Rf1 Kc5 42. Rdf2 Re2+ 43. Kc1 Ra4 44. Kb1 1/2-1/2

[Event "CZE-chT2E 0910"]
[Site "Czech Republic"]
[Date "2010.04.18"]
[Round "11.6"]
[White "Rafaja, Marek"]
[Black "Berisha, Fadil"]
[Result "1-0"]
[WhiteElo "2046"]
[BlackElo "2025"]
[PlyCount "89"]
[EventDate "2009.10.18"]
[EventType "team-tourn"]
[EventRounds "11"]
[EventCountry "CZE"]
[SourceTitle "EXT 2012"]
[Source "ChessBase"]
[SourceDate "2011.11.24"]
[SourceVersion "1"]
[SourceVersionDate "2011.11.24"]
[SourceQuality "1"]
[WhiteTeam "Holesov"]
[BlackTeam "Brno 64"]
[WhiteTeamCountry "CZE"]
[BlackTeamCountry "CZE"]

1. e4 c5 2. Nf3 e6 3. c3 d5 4. Bb5+ Nc6 5. exd5 exd5 6. 0-0 Bd6 7. d4 Nge7 8. h3 0-0 9. Re1 h6 10. Nbd2 Bd7 11. dxc5 Bxc5 12. Nb3 Bd6 13. Bd3 Qc8 14. Be3 Bf5 15. Nbd4 Nxd4 16. Bxd4 Nc6 17. Bxf5 Qxf5 18. Qd2 Rad8 19. Re2 Bf4 20. Be3 Bxe3 21. Rxe3 Rd7 22. Rae1 Rfd8 23. Nd4 Qf6 24. Rf3 Qg6 25. Rfe3 Qf6 26. Qd3 Re7 27. Rxe7 Nxe7 28. Qe3 Nc6 29. Nxc6 Qxc6 30. Qxa7 Qb5 31. Qa3 Re8 32. Rxe8+ Qxe8 33. Qc5 Qe1+ 34. Kh2 Qe5+ 35. g3 Qe4 36. Qc8+ Kh7 37. Qxb7 Qf3 38. Qb6 Qe2 39. a4 h5 40. b4 h4 41. Qe3 Qf1 42. gxh4 f6 43. b5 Qc4 44. Qd4 Qc7+ 45. Kg2 1-0

[Event "Stare Mesto op"]
[Site "Stare Mesto"]
[Date "2009.08.16"]
[Round "3"]
[White "Straka, Jozef1"]
[Black "Rafaja, Marek"]
[Result "1-0"]
[WhiteElo "2225"]
[BlackElo "2043"]
[PlyCount "49"]
[EventDate "2009.08.14"]
[EventType "swiss"]
[EventRounds "10"]
[EventCountry "CZE"]
[SourceTitle "CBM 131 Extra"]
[Source "ChessBase"]
[SourceDate "2009.09.03"]
[SourceVersion "2"]
[SourceVersionDate "2009.09.16"]
[SourceQuality "1"]

1. d4 Nf6 2. c4 g6 3. Nc3 Bg7 4. e4 d6 5. f3 0-0 6. Be3 Nbd7 7. Qd2 Re8 8. 0-0-0 b6 9. g4 c5 10. d5 Nb8 11. g5 Nfd7 12. h4 Na6 13. h5 Nc7 14. f4 Nf8 15. Kb1 a6 16. hxg6 fxg6 17. Nh3 Rb8 18. Nf2 Bd7 19. f5 gxf5 20. exf5 Bxf5+ 21. Bd3 Qd7 22. Rdf1 e6 23. Nfe4 Qe7 24. dxe6 Qxe6 25. Rxf5 1-0

[Event "CZE-chT2E 0809"]
[Site "Czech Republic"]
[Date "2009.04.05"]
[Round "11.2"]
[White "Rafaja, Marek"]
[Black "Pakosta, Miroslav"]
[Result "1/2-1/2"]
[WhiteElo "2032"]
[BlackElo "2156"]
[PlyCount "68"]
[EventDate "2008.10.12"]
[EventType "tourn"]
[EventRounds "11"]
[EventCountry "CZE"]
[SourceTitle "EXT 2010"]
[Source "ChessBase"]
[SourceDate "2010.11.25"]
[SourceVersion "1"]
[SourceVersionDate "2010.11.25"]
[SourceQuality "1"]
[WhiteTeam "Holesov"]
[BlackTeam "Brno Lokomotiva II"]
[WhiteTeamCountry "CZE"]
[BlackTeamCountry "CZE"]

1. e4 e5 2. Bc4 Nc6 3. Nf3 g6 4. 0-0 Bg7 5. c3 d6 6. h3 Nf6 7. Re1 0-0 8. d4 exd4 9. cxd4 h6 10. Nc3 Na5 11. Bd3 c5 12. Be3 b6 13. Qd2 Kh7 14. Rad1 Ng8 15. Qc2 c4 16. Bf1 f5 17. e5 f4 18. Bc1 Bf5 19. Qa4 Rc8 20. Qa3 g5 21. exd6 Rf6 22. Ne4 Re6 23. d7 Rc7 24. Ne5 Bxe5 25. dxe5 Bxe4 26. Rxe4 Rxd7 27. Rxd7+ Qxd7 28. Qc3 Qd5 29. Rxc4 Nxc4 30. Bxc4 Qxe5 31. Bxe6 Qxe6 32. b3 Qf6 33. Qc2+ Qg6 34. Qc7+ Qg7 1/2-1/2

[Event "CZE-chT2E 0809"]
[Site "Czech Republic"]
[Date "2009.03.22"]
[Round "10.3"]
[White "Rafaja, Marek"]
[Black "Horsak, Jan"]
[Result "1-0"]
[WhiteElo "2032"]
[BlackElo "2069"]
[PlyCount "99"]
[EventDate "2008.10.12"]
[EventType "tourn"]
[EventRounds "11"]
[EventCountry "CZE"]
[SourceTitle "EXT 2010"]
[Source "ChessBase"]
[SourceDate "2010.11.25"]
[SourceVersion "1"]
[SourceVersionDate "2010.11.25"]
[SourceQuality "1"]
[WhiteTeam "Holesov"]
[BlackTeam "Stare Mesto III"]
[WhiteTeamCountry "CZE"]
[BlackTeamCountry "CZE"]

1. e4 g6 2. d4 Bg7 3. c4 d6 4. f4 Nd7 5. Nf3 e6 6. Bd3 Ne7 7. Nc3 0-0 8. Be3 d5 9. cxd5 exd5 10. e5 b6 11. 0-0 c5 12. Qd2 c4 13. Bc2 Nb8 14. Nb5 Bd7 15. Nd6 Nc8 16. Nxc8 Qxc8 17. Ng5 Bf5 18. Rac1 Nc6 19. h3 Bxc2 20. Rxc2 f6 21. Nf3 f5 22. Qc3 a5 23. a3 b5 24. Rfc1 b4 25. Qe1 bxa3 26. bxa3 Rf7 27. Nd2 Qd8 28. Qe2 Qe7 29. Rb2 a4 30. Rb5 Bf8 31. Nb1 Ra5 32. Qb2 Qe6 33. Nc3 Rfa7 34. Rb1 Ne7 35. Rb8 Qd7 36. Qb4 Nc8 37. Qb2 Qc6 38. Bd2 Ra8 39. Rb7 Ne7 40. Rb6 Qc7 41. Na2 R5a7 42. Qb5 Qd8 43. Bb4 Nc8 44. Re6 Be7 45. Nc3 Kf7 46. Bxe7 Nxe7 47. Rd6 Qc8 48. Nxd5 c3 49. Nxe7 Rxe7 50. Rc6 1-0

[Event "CZE-chT2E 0809"]
[Site "Czech Republic"]
[Date "2008.12.21"]
[Round "5.5"]
[White "Fuksik, Jakub"]
[Black "Rafaja, Marek"]
[Result "1/2-1/2"]
[WhiteElo "2143"]
[BlackElo "2032"]
[PlyCount "157"]
[EventDate "2008.10.12"]
[EventType "tourn"]
[EventRounds "11"]
[EventCountry "CZE"]
[SourceTitle "EXT 2010"]
[Source "ChessBase"]
[SourceDate "2010.11.25"]
[SourceVersion "1"]
[SourceVersionDate "2010.11.25"]
[SourceQuality "1"]
[WhiteTeam "Grygov II"]
[BlackTeam "Holesov"]
[WhiteTeamCountry "CZE"]
[BlackTeamCountry "CZE"]

1. e4 c6 2. c4 d5 3. exd5 cxd5 4. cxd5 Qxd5 5. Nc3 Qa5 6. d4 e6 7. Nf3 Nf6 8. Bd3 Bd7 9. 0-0 Bd6 10. Re1 Bc6 11. Ne5 0-0 12. a3 Qb6 13. Bf4 Rd8 14. Nc4 Qc7 15. Nxd6 Rxd6 16. Rc1 Qd7 17. Bxd6 Qxd6 18. b4 a6 19. Bb1 Qf4 20. h3 Nbd7 21. a4 Qg5 22. Ne4 Qf4 23. f3 Nd5 24. Qb3 N5b6 25. b5 Bd5 26. Qb4 f5 27. Nc5 a5 28. Qc3 Rc8 29. Qb2 Nxc5 30. Rxc5 Rxc5 31. dxc5 Nxa4 32. Qe5 Qxe5 33. Rxe5 g6 34. c6 bxc6 35. bxc6 Kf8 36. Ba2 Bxa2 37. Rxa5 Bd5 38. c7 Nb6 39. Rb5 Ke7 40. Rxb6 Kd7 41. Rb8 Kxc7 42. Rh8 Kd6 43. Rxh7 Ke5 44. Kf2 Bc4 45. g3 Kf6 46. h4 e5 47. Ke3 Bb3 48. Rb7 Bd1 49. Rb6+ Kg7 50. Re6 f4+ 51. gxf4 exf4+ 52. Kxf4 Kh6 53. Re7 Bc2 54. Ke5 Bd1 55. f4 Bc2 56. Rc7 Bb1 57. Rc1 Bd3 58. Rg1 Bc2 59. Rg5 Bd1 60. Kf6 Bc2 61. Ke5 Bd1 62. Ke6 Bb3+ 63. Ke7 Bc2 64. Kf6 Bd3 65. h5 gxh5 66. f5 h4 67. Rg4 Kh5 68. Rg1 h3 69. Rd1 Be4 70. Ke5 Bc6 71. Kd6 Bf3 72. Rd2 Kg5 73. Ke5 Bh5 74. f6 Kg4 75. Rd4+ Kg3 76. Rd3+ Kg2 77. Rd2+ Kg1 78. Kf4 h2 79. Rxh2 1/2-1/2

[Event "CZE-chT2E 0809"]
[Site "Czech Republic"]
[Date "2008.11.14"]
[Round "2.5"]
[White "Rafaja, Marek"]
[Black "Bednar, Jakub"]
[Result "0-1"]
[WhiteElo "2032"]
[BlackElo "2103"]
[PlyCount "114"]
[EventDate "2008.10.12"]
[EventType "tourn"]
[EventRounds "11"]
[EventCountry "CZE"]
[SourceTitle "EXT 2010"]
[Source "ChessBase"]
[SourceDate "2010.11.25"]
[SourceVersion "1"]
[SourceVersionDate "2010.11.25"]
[SourceQuality "1"]
[WhiteTeam "Holesov"]
[BlackTeam "Brno Lokomotiva III"]
[WhiteTeamCountry "CZE"]
[BlackTeamCountry "CZE"]

1. e4 d5 2. exd5 Nf6 3. d4 Nxd5 4. c4 Nb6 5. Nc3 Bf5 6. Nf3 e6 7. a3 Be7 8. Bf4 0-0 9. Bd3 Bg4 10. 0-0 Bf6 11. Nb5 Na6 12. Be4 Qc8 13. Qc2 g6 14. h3 Bxf3 15. Bxf3 Rd8 16. Rad1 Be7 17. Qb3 Nd7 18. Rd2 Nf6 19. Rfd1 c6 20. Nc3 Nc7 21. Ne4 Nxe4 22. Bxe4 Bd6 23. Bg5 Re8 24. Qf3 Qd7 25. Bf6 Rf8 26. Be5 f6 27. Bf4 Bxf4 28. Qxf4 Kg7 29. d5 cxd5 30. cxd5 e5 31. Qe3 Qd6 32. Rc1 Rfd8 33. Qb3 Rab8 34. Rdc2 Ne8 35. Qe3 a6 36. Rc5 Rd7 37. Qc3 Rbd8 38. Bb1 b6 39. Rc6 Qxd5 40. Qe3 Qd4 41. Qb3 Rd6 42. Ba2 Rxc6 43. Qf7+ Kh6 44. Rxc6 Qe4 45. Qf8+ Kh5 46. Rxf6 Rd1+ 47. Kh2 Nxf6 48. Qxf6 Qf4+ 49. Qxf4 exf4 50. Bc4 Rd2 51. b3 Rxf2 52. Bd5 Kg5 53. a4 a5 54. Bc4 Rd2 55. Kg1 Kh4 56. Bb5 Kg3 57. Kf1 Rxg2 0-1

[Event "CZE-chT2E 0809"]
[Site "Czech Republic"]
[Date "2008.10.12"]
[Round "1.4"]
[White "Rafaja, Marek"]
[Black "Bohuslav, Jan"]
[Result "1-0"]
[WhiteElo "2032"]
[BlackElo "2062"]
[PlyCount "71"]
[EventDate "2008.10.12"]
[EventType "tourn"]
[EventRounds "11"]
[EventCountry "CZE"]
[SourceTitle "EXT 2010"]
[Source "ChessBase"]
[SourceDate "2010.11.25"]
[SourceVersion "1"]
[SourceVersionDate "2010.11.25"]
[SourceQuality "1"]
[WhiteTeam "Holesov"]
[BlackTeam "Postorna"]
[WhiteTeamCountry "CZE"]
[BlackTeamCountry "CZE"]

1. e4 e5 2. Bc4 Nf6 3. d4 Nc6 4. Nf3 Nxe4 5. dxe5 Nc5 6. 0-0 Be7 7. Be3 Ne6 8. Nc3 0-0 9. Qe2 Qe8 10. Nb5 Bd8 11. c3 a6 12. Nbd4 Ne7 13. Rad1 b6 14. Rd2 c5 15. Nc2 Bc7 16. Bg5 Ng6 17. h4 Bb7 18. Rfd1 Bxf3 19. gxf3 Nxg5 20. hxg5 Bxe5 21. Bd5 Nf4 22. Qe4 Ra7 23. Qf5 g6 24. Qg4 Qe7 25. Ne3 Qxg5 26. Qxg5 Nh3+ 27. Kg2 Nxg5 28. Nc4 Bf4 29. Re2 b5 30. Ne5 Ne6 31. Ng4 Kg7 32. Bb3 c4 33. Bc2 h5 34. Ne3 Bxe3 35. fxe3 Re8 36. Kg3 1-0

[Event "Stare Mesto op"]
[Site "Stare Mesto"]
[Date "2006.08.11"]
[Round "1"]
[White "Vymazal, Bronislav"]
[Black "Rafaja, Marek"]
[Result "0-1"]
[WhiteElo "2305"]
[BlackElo "1957"]
[PlyCount "112"]
[EventDate "2006.08.11"]
[EventType "swiss"]
[EventRounds "10"]
[EventCountry "CZE"]
[SourceTitle "CBM 113 Extra"]
[Source "ChessBase"]
[SourceDate "2006.09.14"]
[SourceVersion "1"]
[SourceVersionDate "2006.09.14"]
[SourceQuality "1"]

1. e4 c6 2. d4 d5 3. exd5 cxd5 4. c4 Nc6 5. Nc3 Nf6 6. Nf3 Bf5 7. Bg5 Ne4 8. cxd5 Nxc3 9. bxc3 Qxd5 10. Be2 Qa5 11. Qb3 e6 12. 0-0 Be4 13. Bf4 Be7 14. Nd2 Bd5 15. Qb2 Ba3 16. Qc2 Rc8 17. Nb3 Qb6 18. c4 Nxd4 19. Nxd4 Qxd4 20. Be3 Qe4 21. Qxe4 Bxe4 22. Bxa7 Bb2 23. Rad1 Bc6 24. Rd2 Bc3 25. Rd3 Ba5 26. Be3 Ke7 27. Bc5+ Kf6 28. Bd4+ Ke7 29. Bc5+ Kf6 30. Bd6 Rhd8 31. c5 Bd5 32. Rd4 Bc7 33. Rf4+ Kg6 34. Rg4+ Kf6 35. Bg3 Bxg3 36. fxg3+ Ke5 37. Rxf7 Rxc5 38. Rg5+ Kd6 39. Rgxg7 Rc2 40. Bf1 Ra8 41. Rf2 Raxa2 42. Rxc2 Rxc2 43. Rxh7 e5 44. Rh6+ Kc5 45. Rh8 b5 46. Rb8 Bc6 47. h4 e4 48. h5 e3 49. h6 Rc1 50. h7 e2 51. Rf8 e1Q 52. h8Q Qxg3 53. Rf5+ Kb6 54. Qd4+ Ka6 55. Rf2 Qb3 56. Qb2 Rxf1+ 0-1

[Event "CZE-chT2e 0506"]
[Site "Czech Republic"]
[Date "2006.01.15"]
[Round "6.7"]
[White "Vicenec, Roman"]
[Black "Rafaja, Marek"]
[Result "1/2-1/2"]
[WhiteElo "2061"]
[BlackElo "2014"]
[PlyCount "45"]
[EventDate "2005.10.16"]
[EventType "team-tourn"]
[EventRounds "11"]
[EventCountry "CZE"]
[SourceTitle "EXT 2008"]
[Source "ChessBase"]
[SourceDate "2007.11.25"]
[SourceVersion "1"]
[SourceVersionDate "2007.11.25"]
[SourceQuality "1"]

1. e4 c6 2. d4 d5 3. Nc3 dxe4 4. Nxe4 g6 5. Nf3 Bg7 6. Bc4 Nf6 7. Ng3 0-0 8. 0-0 Bg4 9. c3 Nbd7 10. h3 Bxf3 11. Qxf3 e5 12. Be3 Re8 13. Rae1 e4 14. Qd1 Nb6 15. Bb3 Nfd5 16. f3 exf3 17. Qxf3 Qd7 18. Ne4 Qf5 19. Nd6 Qxf3 20. Rxf3 Re7 21. Bd2 Rd7 22. Re8+ Rxe8 23. Nxe8 1/2-1/2

[Event "Brno Duras BVK op-B"]
[Site "Brno"]
[Date "2003.07.03"]
[Round "6"]
[White "Urbanek, Petr"]
[Black "Rafaja, Marek"]
[Result "1-0"]
[WhiteElo "1250"]
[BlackElo "1250"]
[PlyCount "137"]
[EventDate "2003.06.28"]
[EventType "swiss"]
[EventRounds "9"]
[EventCountry "CZE"]
[SourceTitle "EXT 2006"]
[Source "ChessBase"]
[SourceDate "2005.11.24"]
[SourceVersion "1"]
[SourceVersionDate "2005.11.24"]
[SourceQuality "1"]

1. e4 e6 2. Nf3 d5 3. exd5 exd5 4. d4 Nc6 5. Bb5 Bd7 6. 0-0 Bd6 7. Nc3 Nf6 8. Bg5 Be6 9. Re1 0-0 10. Bxc6 bxc6 11. a3 Rb8 12. b4 h6 13. Bh4 Re8 14. Bg3 Bxg3 15. fxg3 Bf5 16. Rxe8+ Qxe8 17. Qd2 Ne4 18. Nxe4 Qxe4 19. Ne5 Rb6 20. c3 f6 21. Re1 Qc2 22. Qxc2 Bxc2 23. Nf3 Ra6 24. Ra1 Be4 25. Kf2 Kf7 26. a4 Rb6 27. a5 Rb8 28. Rc1 g5 29. h4 Kg6 30. hxg5 hxg5 31. g4 Rh8 32. Kg3 a6 33. Kf2 Rh7 34. Kg3 Rh8 35. Re1 Rh7 36. Nd2 Re7 37. Nb3 Re8 38. Nc5 Ra8 39. Nxe4 Re8 40. Rd1 Rxe4 41. Kf3 f5 42. gxf5+ Kxf5 43. Rh1 g4+ 44. Kf2 Kf4 45. g3+ Kf5 46. Rh7 Re6 47. Rxc7 Rf6 48. Ke2 Ke4 49. Re7+ Kf5 50. Ra7 Ke4 51. Rxa6 Rf3 52. Rxc6 Rxg3 53. a6 Rg2+ 54. Kf1 Ra2 55. Rg6 Kf3 56. Rf6+ Kg3 57. Rf5 Rxa6 58. Rxd5 Kf3 59. Rf5+ Kg3 60. Rf2 Kh3 61. Kg1 g3 62. Rf1 g2 63. Rf3+ Kg4 64. Kxg2 Ra2+ 65. Rf2 Rxf2+ 66. Kxf2 Kf5 67. Ke3 Ke6 68. Ke4 Kd6 69. c4 1-0

[Event "Brno Duras BVK op-B"]
[Site "Brno"]
[Date "2003.06.29"]
[Round "2"]
[White "Rafaja, Marek"]
[Black "Krc, Milan"]
[Result "0-1"]
[WhiteElo "1250"]
[BlackElo "1647"]
[PlyCount "72"]
[EventDate "2003.06.28"]
[EventType "swiss"]
[EventRounds "9"]
[EventCountry "CZE"]
[SourceTitle "EXT 2006"]
[Source "ChessBase"]
[SourceDate "2005.11.24"]
[SourceVersion "1"]
[SourceVersionDate "2005.11.24"]
[SourceQuality "1"]

1. e4 c5 2. Nf3 Nc6 3. Bb5 g6 4. 0-0 Bg7 5. d3 a6 6. Bc4 b5 7. Bb3 Bb7 8. Ng5 e6 9. c4 Nd4 10. Be3 h6 11. Nh3 Ne7 12. Nc3 Nxb3 13. Qxb3 b4 14. Ne2 d6 15. f4 0-0 16. Rad1 a5 17. a4 Qc7 18. Qc2 Rad8 19. b3 f5 20. Ng3 fxe4 21. dxe4 Kh7 22. Rd3 Nc6 23. f5 exf5 24. exf5 g5 25. Rdd1 Nd4 26. Bxd4 Bxd4+ 27. Kh1 Qf7 28. f6+ Qg6 29. Qf5 Rxf6 30. Qxg6+ Kxg6 31. Rxf6+ Bxf6 32. Re1 Be5 33. Nf1 Rf8 34. Nd2 g4 35. Ng1 Rf2 36. Nf1 Bxg2# 0-1